1859 1826 1500 1364 1352 1377 1872 1903 1057 1779 1035 1515 1714 1007 1989 1259 1838 1968 1115 1434 1275 1660 1167 1578 1021 1536 1355 1325 1172 1568 1235 1007 1913 1411 1305 1494 1657 1727 1718 1049 1662 1797 1636 1086 1453 1969 1482 1762 1950 1422 1018 1835 1070 1500 1867 1528 1134 1547 1445 1579 1288 1587 1522 1163 1522 1727 1502 1216 1123 1361 1265 1520 1212 1170 1701 1556 1295 1758 1492 1290 1507 1555 1578 1581 1487 1692 1831 1152 1278 1700 1071 1968 1398 1185 1648 1904 1492 1164 1229 BCNSPRNW ULIB Ver.6.0+V

เปลี่ยนเป็นภาษาไทย

Change to English
 แสดงรายละเอียดบรรณานุกรม
  กลับหน้าหลัก

Brief Record : Get Marc (ISO 2709) : E-mail record : QR code < ปิดหน้าต่าง
LEADER : 00000nam 2200000uu 4500
001    13399107824
003     ULIB
008    110204s2552||||th 000 0 tha d
020    9786111100952
060 04 WY158^bศ316ก
100 0  ศรีสุนทรา เจิมวรพิพัฒน์
245 10 การพยาบาลหูคอจมูก : ฉบับปรับปรุงครั้งที่1/^cศรีสุนทราเจิมวรพิพัฒน์
250    พิมพ์ครั้งที่ 2
260    นนทบุรี :^bโครงการสวัสดิการวิชาการ สถาบันพระบรมราชชนกกระทรวงสาธารณสุข,^c2552
300    [18], 398 หน้า :^bภาพประกอบ ;^c27 ซม.
504    มีบรรณานุกรม
650  7 โสต ศอ นาสิก ลาริงซ์วิทยา^xตำราการพยาบาล
650  7 หู คอ จมูก, โรค^xตำราการพยาบาล
710 2  สถาบันพระบรมราชชนก. ^bโครงการสวัสดิการวิชาการ
945    ^p350^l0^i026159
945    ^p350^l0^i026158
945    ^p350^l0^i026157
945    ^p350^l0^i022427
945    ^p350^l0^i022396
945    ^p350^l0^i018838
945    ^p350^l0^i016325
945    ^p350^l0^i016326
945    ^p350^l0^i016324
945    ^p350^l0^i015598
945    ^p350^l0^i029803
945    ^p350^l0^i029802
945    ^p350^l0^i029801
945    ^p350^l0^i029800
945    ^p350^l0^i029798
945    ^p350^l0^i029797
945    ^p350^l0^i029796
945    ^p350^l0^i029795
945    ^p350^l0^i024808
945    ^p350^l0^i022426
945    ^p350^l0^i022395
945    ^p350^l0^i015599
945    ^p350^l0^i029799
945    ^p350^l0^i029794
945    ^p350^l0^i032167
945    ^p350^l0^i032168
945    ^p350^l0^i032169
945    ^p350^l0^i032170
945    ^p350^l0^i032171
995    ทศพร
999 ^a ใช้งานได้ทุกระบบ
รายการนี้ยังไม่มีแท็ก
คุณยังไม่ได้ล็อกอิน คุณสามารถมีกิจกรรมร่วมกับเว็บไซต์ได้ แต่ต้องล็อกอินก่อน ::
  ล็อกอิน

รายการสื่อสารสนเทศ

ลำดับที่ ประเภท เลขเรียก/บาร์โค้ด สถานที่ สถานะ
- ไม่พบข้อมูล -

รายการใกล้เคียง
    ผู้แต่ง [ศรีสุนทรา เจิมวรพิพัฒน์]

BibComment


ยังไม่เคยถูกคอมเมนท์

คอมเมนท์ทรัพยากรรายการนี้
  คอมเมนท์: การพยาบาลหูคอจมูก..


 Copyright 2026. Bcnsprnw @Library